Loading...
| Fine Arts - Auditory | 1 | 5 | 2 | 0 | 55 | 68 | 93.50 | 2 | 6 | 0.00 | 0.00 |
| Fine Arts - Other | 0 | 5 | 0 | 1 | 50 | 87 | 117.00 | 1 | 5 | 0.00 | 0.00 |
| Literature - European | 0 | 5 | 1 | 0 | 45 | 86 | 118.80 | 3 | 5 | 0.00 | 0.00 |
| Literature - World | 0 | 5 | 1 | 0 | 45 | 96 | 118.20 | 1 | 5 | 0.00 | 0.00 |
| Literature - American | 0 | 4 | 0 | 0 | 40 | 105 | 126.50 | 2 | 4 | 0.00 | 0.00 |
| Fine Arts - Visual | 0 | 4 | 0 | 2 | 40 | 84 | 134.75 | 1 | 4 | 0.00 | 0.00 |
| History - European | 1 | 2 | 0 | 1 | 35 | 74 | 111.00 | 2 | 3 | 0.00 | 0.00 |
| History - World | 0 | 3 | 0 | 1 | 30 | 90 | 120.00 | 1 | 3 | 0.00 | 0.00 |
| Literature - British | 0 | 3 | 0 | 0 | 30 | 104 | 128.33 | 2 | 3 | 0.00 | 0.00 |
| Science - Chemistry | 0 | 2 | 0 | 2 | 20 | 129 | 135.00 | 1 | 2 | 0.00 | 0.00 |
| Current Events | 1 | 0 | 0 | 0 | 15 | 22 | 22.00 | 1 | 1 | 0.00 | 0.00 |
| History - American | 0 | 1 | 0 | 1 | 10 | 136 | 136.00 | 1 | 1 | 0.00 | 0.00 |
| Other Academic | 0 | 1 | 1 | 0 | 5 | 110 | 110.00 | 1 | 1 | 0.00 | 0.00 |
| Geography | 0 | 1 | 1 | 0 | 5 | 140 | 140.00 | 0 | 1 | 0.00 | 0.00 |
| Philosophy | 0 | 1 | 2 | 0 | 0 | 96 | 96.00 | 1 | 1 | 0.00 | 0.00 |
| History - Ancient | 0 | 0 | 1 | 0 | -5 | 0.00 | 0 | 0 | 0.00 | 0.00 | |
| Religion | 0 | 0 | 1 | 0 | -5 | 0.00 | 0 | 0 | 0.00 | 0.00 | |
| Science - Biology | 0 | 0 | 1 | 0 | -5 | 0.00 | 0 | 0 | 0.00 | 0.00 | |
| Social Science | 0 | 0 | 2 | 0 | -10 | 0.00 | 0 | 0 | 0.00 | 0.00 |